All dragons - how to train your dragon - Statistics

General Stats
  • This quiz has been taken 35 times
  • The average score is 49 of 105
Answer Stats
Dragon class Answer % Correct
Strike Night fury
91%
Boulder Gronckle
86%
Strike Light fury
86%
Alpha | Stroker Red death
82%
Alpha | Boulder Screaming death
82%
Tracker Deadly nadder
77%
Stroker Monstrous nightmare
77%
Alpha | Tidal Bewilderbeast
73%
Mystery Deathsong
73%
Stroker Fireworm
73%
Mystery Hideous zippleback
73%
Alpha | Tidal Purple death
73%
Sharp Razorwhip
73%
Tidal Scauldron
73%
Strike Skrill
73%
Stroker Terrible terror
73%
Stroker Typhoomerang
73%
Boulder Whispering death
73%
Mystery Changewing
68%
Mystery Dramillion
68%
Boulder Eruptodon
68%
Alpha | Stroker Green death
68%
Tracker Rumblehorn
68%
Boulder Sentinel
68%
Sharp Speed stinger
68%
Tidal Submaripper
68%
Tidal Thunderdrum
68%
Tidal Seashocker
64%
Alpha | Tidal Shellfire
64%
Stroker Singetail
64%
Sharp Stormcutter
64%
Strike Triple stryke
64%
Mystery Boneknapper
59%
Boulder Catastrophic quaken
59%
Strike Deathgripper
59%
Alpha | Mystery Foreverwing
59%
Strike Night light
59%
Stroker Night terror
59%
Mystery Smothering smokebreath
59%
Mystery Snaptrapper
59%
Mystery | Strike Snow wraith
59%
Sharp Timberjack
59%
Mystery Flightmare
55%
Sharp Grim gnasher
55%
Sharp Raincutter
55%
Mystery Slitherwing
55%
Mystery Buffalord
50%
Stroker Hobblegrunt
50%
Mystery Hobgobbler
50%
Boulder Hotburple
50%
Mystery Cavern crasher
45%
Tidal Sand wraith
45%
Boulder Crimson goregutter
41%
Mystery Sandbuster
41%
Mystery Shadow wing
41%
Tidal Shockjaw
41%
Boulder Snafflefang
41%
Tracker Mudraker
36%
Boulder Shovelhelm
36%
Sharp Thornridge
36%
Sharp Windstriker
36%
Strike Woolly Howl
36%
Sharp Devilish dervish
32%
Stroker Flame whipper
32%
Boulder Grapple grounder
32%
Sharp Shivertooth
32%
Mystery Silkspanner
32%
Mystery Sweet death
32%
Mystery Sword stealer
32%
Tracker Thunderclaw
32%
Tidal Windwalker
32%
Sharp Prickleboggle
27%
Tracker Snifflehunch
27%
Tidal Tide glider
27%
Mystery Armourwing
23%
Mystery Gobsucker
23%
Tidal Luminous krayfin
23%
Alpha Toothless
23%
Mystery Lycanwing
18%
Mystery Slithersong
18%
Sharp Stinger
18%
Stroker Fire terror
9%
Tracker Gembreaker
9%
Stroker Fire fang
5%
Tidal Crystalscale
0%
Mystery Deadly-0
0%
Tracker Death-stroke
0%
Sharp Ice shard
0%
Sharp Life zipper
0%
Strike Purple strike
0%
Tidal Sliquifer
0%
Tidal Squidformer
0%
Mystery Tailwhipper
0%
Strike Targetwing
0%
Alpha | Strike Terrible fury
0%
Strike Vine viewer
0%
No matching quizzes found
Score Distribution
Percent of People with Each Score
Percentile by Number Answered
Your Score History
You have not taken this quiz